Datum a čas kvízu
23.5
Celkem bodů
Celkový počet nahraných bodů na tomto kvízu bez doplňovacích otázek.
1.
Pořadí na kvízu
Konečné umístění týmu na tomto kvízu.
Zaznamenané odpovědi
| # | Otázka | Odpověď | Body | Výsledky |
|---|---|---|---|---|
| 1. | Nedaleko jednoho severočeského... | Bílina | 0 | |
| 2. | Vláda jednoho z karibských ost... | Barbados | 0 | |
| 3. | Na rozdíl od dob socialismu se... | Máša a medvěd | 1 | |
| 4. | Cena Ig Nobel Prize, tedy jaká... | helium | 1 | |
| 5. | V minulém týdnu odstartoval no... | Vítkovice a Litvínov | 0 | |
| 6. | Po dějinách Ukrajiny, které js... | Štěpán I. (Svatý) | 0 | |
| 7. | Jak se nazývá město v jižním M... | Moháč | 1 | |
| 8. | Jak se jmenoval dočasný státní... | Maďarská republika rad | 0 | |
| 9. | Období mezi lety 1969–1989 v M... | János Kádár | 0 | |
| 10. | Napište šestipísmennou zkratku... | Fidesz | 1 |